<?xml version="1.0" encoding="UTF-8"?><?xml-stylesheet type="text/xsl" href="static/style.xsl"?><OAI-PMH xmlns="http://www.openarchives.org/OAI/2.0/" xmlns:xsi="http://www.w3.org/2001/XMLSchema-instance" xsi:schemaLocation="http://www.openarchives.org/OAI/2.0/ http://www.openarchives.org/OAI/2.0/OAI-PMH.xsd"><responseDate>2026-04-14T02:11:51Z</responseDate><request verb="GetRecord" identifier="oai:www.recercat.cat:10459.1/468964" metadataPrefix="marc">https://recercat.cat/oai/request</request><GetRecord><record><header><identifier>oai:recercat.cat:10459.1/468964</identifier><datestamp>2025-11-10T19:49:38Z</datestamp><setSpec>com_2072_3622</setSpec><setSpec>col_2072_479130</setSpec></header><metadata><record xmlns="http://www.loc.gov/MARC21/slim" xmlns:dcterms="http://purl.org/dc/terms/" xmlns:xsi="http://www.w3.org/2001/XMLSchema-instance" xmlns:doc="http://www.lyncode.com/xoai" xsi:schemaLocation="http://www.loc.gov/MARC21/slim http://www.loc.gov/standards/marcxml/schema/MARC21slim.xsd">
   <leader>00925njm 22002777a 4500</leader>
   <datafield ind2=" " ind1=" " tag="042">
      <subfield code="a">dc</subfield>
   </datafield>
   <datafield ind2=" " ind1=" " tag="720">
      <subfield code="a">Huguet-Feixa, Agnes</subfield>
      <subfield code="e">author</subfield>
   </datafield>
   <datafield ind2=" " ind1=" " tag="720">
      <subfield code="a">Ahmed, Wasim</subfield>
      <subfield code="e">author</subfield>
   </datafield>
   <datafield ind2=" " ind1=" " tag="720">
      <subfield code="a">Artigues-Barberà, Eva</subfield>
      <subfield code="e">author</subfield>
   </datafield>
   <datafield ind2=" " ind1=" " tag="720">
      <subfield code="a">Sol, Joaquim</subfield>
      <subfield code="e">author</subfield>
   </datafield>
   <datafield ind2=" " ind1=" " tag="720">
      <subfield code="a">Gómez Arbonés, Javier</subfield>
      <subfield code="e">author</subfield>
   </datafield>
   <datafield ind2=" " ind1=" " tag="720">
      <subfield code="a">Godoy i García, Pere</subfield>
      <subfield code="e">author</subfield>
   </datafield>
   <datafield ind2=" " ind1=" " tag="720">
      <subfield code="a">Ortega Bravo, Marta</subfield>
      <subfield code="e">author</subfield>
   </datafield>
   <datafield ind2=" " ind1=" " tag="260">
      <subfield code="c">2025</subfield>
   </datafield>
   <datafield ind2=" " ind1=" " tag="520">
      <subfield code="a">Background: The analysis of social networks should be considered by institutions and governments alongside surveys and other conventional methods for assessing public attitudes toward vaccines. X (formerly known as Twitter) has emerged as a significant source for studying vaccine hesitancy.

Objective: The aim of the study is to examine the main arguments and narratives in favor and against vaccination expressed in Spanish- and Catalan-language posts, comments, and opinions on the social media platform X.

Methods: Spanish and Catalan posts were collected from X using NodeXL Pro between March and December 2021, resulting in 479,734 posts. For qualitative analysis, a random subsample of 384 tweets was selected using Cochran’s formula (95% confidence and ±5% margin of error). A bespoke code frame was developed in collaboration with medical and social media experts, and posts were translated into English. Intercoder reliability, assessed on 20% of the sample, yielded 93.4% agreement and a Cohen κ of 0.92.

Results: A total of 479,734 posts were retrieved from 29,706 users. After an inductive review of the data, six themes were identified, which formed the basis of our code frame: (theme 1) vaccine acquisition and distribution, (theme 2) vaccine skepticism and criticism, (theme 3) provaccination stance, (theme 4) global COVID-19 situation, (theme 5) vaccine politics and international relations, and (theme 6) miscellaneous news and posts. Vaccine skepticism and criticism was the most frequent theme (93/384, 24.2%), whereas vaccine politics and international relations was the least (25/384, 6.5%). We observed that while some posts supported vaccination, others expressed concerns about vaccine safety and efficacy, promoted conspiracy theories, disseminated misinformation, or opposed scientific consensus. Challenges related to vaccine acquisition and distribution within specific countries were also identified, along with political and economic factors, such as the politicization of vaccines, which hindered equitable distribution between vaccine-producing and vaccine-needing countries. Additionally, the pandemic’s social impact fostered community support initiatives and solidarity.

Conclusions: Our findings can inform measures to promote vaccine acceptance and reinforce trust in health care systems, professionals, and scientific perspectives, thereby improving vaccination coverage. These insights may serve as a foundation for developing sociopolitical strategies to enhance vaccination management and address future pandemics or new vaccination campaigns.</subfield>
   </datafield>
   <datafield ind2=" " ind1=" " tag="520">
      <subfield code="a">This work was supported by Diputació de Lleida and Societat Catalana de Pediatria, and Asociación Española de Pediatria de  Atención Primaria.</subfield>
   </datafield>
   <datafield ind1="8" ind2=" " tag="024">
      <subfield code="a">http://hdl.handle.net/10459.1/468964</subfield>
   </datafield>
   <datafield tag="653" ind2=" " ind1=" ">
      <subfield code="a">Antivaccination movement</subfield>
   </datafield>
   <datafield tag="653" ind2=" " ind1=" ">
      <subfield code="a">Vaccine refusal</subfield>
   </datafield>
   <datafield tag="653" ind2=" " ind1=" ">
      <subfield code="a">Social media</subfield>
   </datafield>
   <datafield tag="653" ind2=" " ind1=" ">
      <subfield code="a">Misinformation</subfield>
   </datafield>
   <datafield tag="653" ind2=" " ind1=" ">
      <subfield code="a">Vaccination practices</subfield>
   </datafield>
   <datafield tag="653" ind2=" " ind1=" ">
      <subfield code="a">Vaccine hesitancy</subfield>
   </datafield>
   <datafield tag="653" ind2=" " ind1=" ">
      <subfield code="a">Immunization</subfield>
   </datafield>
   <datafield ind2="0" ind1="0" tag="245">
      <subfield code="a">Vaccination Conversations on X in Spanish and Catalan: Qualitative Content Analysis</subfield>
   </datafield>
</record></metadata></record></GetRecord></OAI-PMH>